• 首页
  • 本馆介绍
  • 公告通知
  • 最新文献
  • 馆藏检索
  • 电子资源
  • 读者导购
  • 参考咨询
  • 我的图书馆
  • 登录
  • 详细信息显示
  • 放入我的书架
  • 预约/预借图书
  • 作者相关作品
  • 分类相关作品
  • 丛书相关作品
  • 出版社相关作品

书目信息

  • 表格格式
  • 工作单格式
  • 卡片格式
题名:
村庄
    
 
作者: 安纳德 , Anand 著 ;王槐挺 译
分册:  
出版信息: 上海   上海译文出版社  1983
页数: 386页
开本: 19cm
丛书名:
单 册:
中图分类: I351.4
科图分类:
主题词: 中篇小说--印度--现代 , 文学
电子资源:
ISBN:
000 00742nam0 2200277 45
001 0183009951
005 20040413105622.3
010    @dCNY1.10
091    @a10188.412
100    @a19950727d1983 em y0chiy0121 ea
101 1  @achi@cinc
102    @aCN@b310000
105    @ay z 000ay
106    @ar
200 10 @a村庄@Acun zhuang@f(印)安纳德(M.R.Anand)著@g王槐挺译
210    @a上海@c上海译文出版社@d1983
215    @a386页@c肖像@d19cm
606    @a中篇小说@y印度@z现代
606 0  @a文学
690    @aI351.4
701  1 @a安纳德@Aan na de@bM.R.@4著
701 A1 @aAnand@bM.R.@4著
702  0 @a王槐挺@Awang huai ting@4译
801  0 @aCN@b上海图书馆@c20040413
801  2 @aCN@bNLC@c20040413
905    @f4@b101560-563@dI351.4@e16
    
    村庄/(印)安纳德(M.R.Anand)著/王槐挺译.-上海:上海译文出版社,1983
    386页:肖像;19cm
    
    
    ISBN :CNY1.10
    
●
相关链接 在E读中查询图书 在五车中查询图书 在当当中查询图书 在豆瓣中查询图书


正题名:村庄     索取号:I351.4/16         预约/预借

序号 登录号 条形码 馆藏地/架位号 状态 备注
1 0101560   000695313   密集书库/ [索取号:I351.4/16] 在馆    
2 0101561   000695304   密集书库/ [索取号:I351.4/16] 在馆    
3 0101562   000695297   密集书库/ [索取号:I351.4/16] 在馆    
4 0101563   000695279   第二借阅区/ [索取号:I351.4/16] 在馆    
5 0101564   000695260   第一样本阅览室/ [索取号:I351.4/16] 在馆    
唐山师范学院图书馆 欢迎您!
大连网信软件有限公司© 版权所有